| 000 | 00645nam a22001937a 4500 | ||
|---|---|---|---|
| 005 | 20220902200241.0 | ||
| 008 | 220902b |||||||| |||| 00| 0 eng d | ||
| 040 | _cBiblioteca Lado V | ||
| 050 |
_a750 AC169a _b004878 |
||
| 082 |
_a750 _bAC169a |
||
| 100 | _aAsia Arts Space Network | ||
| 245 | _aACC Network Platform Exhibition/ | ||
| 260 |
_aKorea _bAsia Arts Space Network _c2016 |
||
| 300 |
_a97p. _c18x25cm |
||
| 650 |
_2Tesauro de Arte & Arquitectura _aCATALOGO |
||
| 650 |
_2Tesauro de Arte & Arquitectura _aASIATICO |
||
| 650 |
_2Tesauro de Arte & Arquitectura _aARTE POPULAR |
||
| 942 |
_2ddc _c1 _h750 AC169a _n0 |
||
| 999 |
_c1930 _d1930 |
||